000 00600nam a22001937a 4500
005 20251108165930.0
008 250721s1999 xx 000 0 ara d
082 1 4 _aط/372.4/داهـ
100 1 _aداهلباك، هيلينا
_eمؤلف
245 1 0 _aكتاب القراءه /
264 1 _aستوكهولم :
_bدار المني،
_c1999.
300 _a25ص.
490 0 _aهذا كتابي
650 1 7 _aالقراءة
653 _aاطفال ما قبل المدرسة (0-5) سنوات
700 1 _aهينينغ، مني زريقات
_eترجمة
942 _2ddc
_cBK
999 _c35160
_d35160